Statistiken für Anzahl der Dinge - Multiple Choice #3

Klicken Sie hier um das Quiz zu spielen!

Allgemein

  • Dieses Quiz wurde 1.193 mal gespielt
    (252 seit der letzten Aktualisierung)
  • Das Durchschnittsergebnis liegt bei 7 aus 12

Antwortstatistiken

FrageAntwort% Korrekt
Wie lautet die Agentennummer von James Bond?007
99%
Wie viele "Shades of Grey'' ?50
83%
Wie viele Probleme hat Jay-Z laut seinem Song?99
78%
Was ist die Zahl der "Bestie"?666
70%
Wie viele 'baltische Staaten' gibt es?3
65%
Wie viele Sterne befinden sich auf der australischen Flagge?6
63%
Wie viele offizielle Eon-James Bond-Filme wurden insgesamt gedreht (Stand: April 2022)?25
44%
Was ist die "magische Zahl" (Magic Number) nach De La Soul?3
44%
Wie viele Hochzeiten haben Hugh Grant und Andie MacDowell besucht?4
39%
Wie viele Inselnationen gibt es auf der Welt?47
39%
Wie viele Spieler stehen pro American-Footballmannschaft gleichzeitig auf dem Feld?11
29%
Wie oft wurde Meryl Streep für den Oscar nominiert?21
29%

Verteilung der Resultate

Perzentil nach korrekt beantworteten Fragen

Anzahl Personen mit jedem Resultat

Ihre Resultats-Entwicklung

Sie haben dieses Quiz seit der letzten Aktualisierung nicht gespielt